名前に「川」が入る市町村の人口ランキング - Statistics

General Stats
  • This quiz has been taken 1,310 times
  • The average score is 19 of 30
Answer Stats
順位 人口(2023/10/1時点) 都道府県(郡) Answer % Correct
1位 1,545,604 神奈川県 川崎市
99%
2位 592,656 埼玉県 川口市
97%
4位 354,205 埼玉県 川越市
95%
5位 318,824 北海道 旭川市
94%
3位 497,394 千葉県 市川市
91%
6位 256,483 兵庫県 加古川市
86%
9位 184,245 愛知県 豊川市
80%
7位 225,078 大阪府 寝屋川市
74%
8位 184,852 東京都 立川市
74%
11位 113,340 静岡県 掛川市
74%
10位 150,085 兵庫県 川西市
69%
12位 90,380 鹿児島県 薩摩川内市
69%
20位 57,209 和歌山県 紀の川市
61%
13位 79,015 京都府 木津川市
60%
22位 48,938 青森県 五所川原市
58%
16位 73,103 福島県 須賀川市
57%
17位 71,820 群馬県 渋川市
57%
15位 73,668 岐阜県 中津川市
56%
23位 48,616 神奈川県・高座郡 寒川町
55%
26位 39,312 神奈川県・愛甲郡 愛川町
55%
29位 36,823 徳島県 吉野川市
54%
14位 74,115 埼玉県 桶川市
52%
24位 47,035 静岡県 菊川市
52%
28位 37,619 北海道 滝川市
52%
27位 38,326 新潟県 糸魚川市
51%
18位 71,500 埼玉県 吉川市
48%
21位 49,487 福岡県 那珂川市
48%
25位 44,818 福岡県 田川市
47%
19位 61,864 福岡県 柳川市
42%
30位 36,974 茨城県 桜川市
41%
No matching quizzes found
Score Distribution
Percent of People with Each Score
Percentile by Number Answered
Your Score History
You have not taken this quiz